00334nam a2200121Ia 4500008004100000041000800041082000800049100006300057245002900120260003500149300000800184520002000192221007s9999 xx 000 0 und d aeng bGUR aGurav Manodipti - 2K111053 & Prof. Sonali Parchure - Guide aStudy of Currency Market c2013bPune UniversityaSangali a82p aParchure Sonali